[Event "Manila ol (Women)"]
[Site "Manila"]
[Date "1992.??.??"]
[Round "?"]
[White "Sofieva, Ainur"]
[Black "Erneste, Inguna"]
[Result "1/2-1/2"]
[WhiteElo "2385"]
[BlackElo "2320"]

1.Nf3 d5 2.g3 Bg4 3.Bg2 Nd7 4.d3 e6 5.Nbd2 Bd6 6.c3 c6 7.h3 Bh5 8.O-O Ne7
9.e4 h6 10.Re1 Bg6 11.Qe2 O-O 12.Nh4 Bh7 13.f4 a5 14.Nhf3 a4 15.g4 dxe4 16.dxe4 Qc7
17.e5 Bc5+ 18.Kh1 Rae8 19.Rd1 Nd5 20.Ne4 Be7 21.Ng3 Nc5 22.Nf1 a3 23.b4 Na4
24.Rd3 Rd8 25.Bxa3 Rd7 26.Rad1 Rfd8 27.Ne1 b5 28.Bc1 c5 29.a3 cxb4 30.cxb4 Rc8
31.Rg3 Qc4 32.Qxc4 Rxc4 33.Nd2 Rc2 34.f5 Ra2 35.Nd3 Bh4 36.Rf3 Be7 37.Nb3 Nc5
38.bxc5  1/2-1/2

[Event "Manila ol (Women)"]
[Site "Manila"]
[Date "1992.??.??"]
[Round "?"]
[White "Smith, Vivian"]
[Black "Garcia, Nieves"]
[Result "0-1"]
[WhiteElo "2035"]
[BlackElo "2245"]

1.Nf3 d5 2.g3 c5 3.Bg2 Nc6 4.O-O Nf6 5.d3 g6 6.Nbd2 Bg7 7.e4 O-O 8.Re1 h6
9.c3 e5 10.Qc2 Re8 11.Nf1 Be6 12.Bd2 c4 13.Qc1 dxe4 14.dxe4 Kh7 15.Qc2 Qa5
16.Ne3 Rad8 17.Bf1 Qc5 18.Rad1 b5 19.Bc1 Qb6 20.Rxd8 Rxd8 21.Rd1 Bf8 22.Rxd8 Qxd8
23.Bd2 Qd6 24.h3 Nb8 25.a4 a6 26.axb5 axb5 27.Bg2 Nbd7 28.Ne1 Nc5 29.Bc1 Qc6
30.f3 Nb3 31.Kf1 Nh5 32.g4 Nf4 33.Nd1 Nxc1 34.Qxc1 Qd7 35.Ne3 Bc5 36.N3c2 Nd3
37.Qd2 Nxb2 38.Qxd7 Bxd7 39.Ke2 Na4 40.Kd2 Be7 41.Na3 Bxa3  0-1

[Event "Manila ol (Women)"]
[Site "Manila"]
[Date "1992.??.??"]
[Round "?"]
[White "Sakhatova, Elvira"]
[Black "Levitina, Irina S"]
[Result "0-1"]
[WhiteElo "2365"]
[BlackElo "2400"]

1.Nf3 d5 2.g3 Bg4 3.Ne5 Bf5 4.d4 c6 5.Bg2 Nd7 6.O-O Ngf6 7.c4 e6 8.Nd2 Be7
9.b3 O-O 10.Bb2 Nxe5 11.dxe5 Ne4 12.Nxe4 dxe4 13.Qc1 Qb6 14.h3 Rad8 15.Bc3 Bc5
16.g4 Bg6 17.h4 h6 18.Qf4 e3 19.f3 Bd4 20.Rac1 Bxc3 21.Rxc3 Rd2 22.Re1 Rxa2
23.h5 Bh7 24.c5 Qa5 25.Qxe3 Rd8 26.g5 Qb4 27.gxh6 Qh4 28.Kf1 Qxh5 29.hxg7 Kxg7
30.Rc4 Bf5 31.Kf2 Qh6 32.Qxh6+ Kxh6 33.Rg1 Bg6 34.Bf1 a5 35.Ke3 Rd1 36.f4 Raa1
37.Kf2 Rac1 38.Ra4 Rxc5 39.e4 Rc3 40.f5 Rd2+ 41.Ke1 Rb2 42.Be2 Rc1+ 43.Bd1 Bh5
44.Rd4 Bxd1 45.Rxd1 Rxd1+ 46.Kxd1 Rb1+  0-1

[Event "Manila ol (Women)"]
[Site "Manila"]
[Date "1992.??.??"]
[Round "?"]
[White "Safranska, Anda"]
[Black "Litinskaya, Marta I"]
[Result "0-1"]
[WhiteElo "2260"]
[BlackElo "2370"]

1.Nf3 d5 2.g3 c6 3.Bg2 Bg4 4.b3 Nd7 5.Bb2 e6 6.O-O Ngf6 7.c4 Be7 8.d3 h6
9.Nbd2 O-O 10.Qc2 a5 11.a3 Qb8 12.e4 Rc8 13.Bc3 b5 14.Rfb1 Bh5 15.a4 b4 16.Bb2 Qa7
17.Rf1 Bg6 18.Rae1 Bc5 19.Qd1 dxe4 20.Nxe4 Nxe4 21.dxe4 Rd8 22.Qe2 Bh5 23.Rd1 e5
24.Bh3 Bxf3 25.Qxf3 Bd4 26.Bxd4 exd4 27.Bxd7 Qxd7 28.c5 Re8 29.Qd3 Rad8 30.Rfe1 Re5
31.Rc1 Qe7 32.Rc4 Rxc5 33.Rxd4 Rxd4 34.Qxd4 Rc3 35.Re3 c5 36.Qd5 Qe6 37.Rd3 Kh7
38.Kg2 c4 39.bxc4 Rxc4 40.Kf3 Qf6+ 41.Qf5+ Qxf5+ 42.exf5 h5 43.h4 f6 44.Ke3 Rc5
45.Ke4 Re5+ 46.Kf4 Kg8 47.f3 Kf7 48.g4 Ke7 49.Rd2 Rc5 50.Kg3 Rc6 51.gxh5 Rb6
52.h6 gxh6 53.Kg4 b3 54.Rb2 Kd6 55.Kh5 Ke5 56.Kg6 h5 57.Re2+ Kf4 58.Rb2 Rb4
59.Kxh5 Kxf5 60.f4 Rb6 61.Kh6 Kxf4 62.Kh5 Kg3  0-1

[Event "Manila ol (Women)"]
[Site "Manila"]
[Date "1992.??.??"]
[Round "?"]
[White "Safranska, Anda"]
[Black "Akhmilovskaya, Elena"]
[Result "0-1"]
[WhiteElo "2260"]
[BlackElo "2405"]

1.Nf3 d5 2.g3 c6 3.Bg2 Bg4 4.O-O Nd7 5.d4 e6 6.b3 Ngf6 7.c4 Be7 8.Bb2 O-O
9.Nbd2 h6 10.Ne5 Nxe5 11.dxe5 Nd7 12.h3 Bh5 13.g4 Bg6 14.e4 dxe4 15.Nxe4 Nc5
16.Qe2 Nxe4 17.Bxe4 Bxe4 18.Qxe4 Qa5 19.Bd4 Rfd8 20.a3 Rd7 21.b4 Qa4 22.Be3 Rad8
23.Rfb1 b6 24.Ra2 Rd3 25.Kg2 Bg5 26.f4 Bh4 27.Kf3 Be7 28.Rba1 Qb3 29.Re2 Qa4
30.h4 Bxb4 31.c5 Rxa3 32.Rxa3 Qxa3 33.cxb6 axb6 34.Qxc6 Rd3 35.Qxb6 Bc5 36.Qb8+ Kh7
37.Qb1 g6 38.Qe1 Qa8+ 39.Kf2 Rxe3 40.Rxe3 Qe4  0-1

[Event "Manila ol (Women)"]
[Site "Manila"]
[Date "1992.??.??"]
[Round "?"]
[White "Ribeiro, Regina"]
[Black "Tungalag, Nyamaa"]
[Result "1-0"]
[WhiteElo "2050"]
[BlackElo "2080"]

1.Nf3 d5 2.g3 Nf6 3.Bg2 c6 4.d3 Bf5 5.O-O h6 6.Nbd2 e6 7.c4 Be7 8.Qc2 Na6
9.a3 O-O 10.b3 Re8 11.Bb2 b5 12.Qb1 Qb6 13.Qa2 Rad8 14.cxb5 Qxb5 15.Nd4 Qb6
16.Nxf5 exf5 17.b4 Nc7 18.Rac1 Ne6 19.Nb3 f4 20.Bh3 fxg3 21.hxg3 Nh5 22.Bxe6 fxe6
23.Bd4 Qb8 24.e3 Rd6 25.Qc2 Nf6 26.Nc5  1-0

[Event "Manila ol (Women)"]
[Site "Manila"]
[Date "1992.??.??"]
[Round "?"]
[White "Ribeiro, Regina"]
[Black "Mira, Helene"]
[Result "1-0"]
[WhiteElo "2050"]
[BlackElo "2135"]

1.Nf3 d5 2.g3 Nf6 3.Bg2 Nbd7 4.O-O e5 5.d3 Bd6 6.Nc3 c6 7.e4 dxe4 8.dxe4 Nc5
9.Nh4 O-O 10.h3 Re8 11.Be3 g6 12.Qe2 Qc7 13.Rfd1 b6 14.b4 Ba6 15.Qd2 Nb7
16.Rab1 Bc4 17.Bf1 Bxf1 18.Kxf1 Rad8 19.Qe2 Be7 20.Rxd8 Rxd8 21.Nf3 c5 22.b5 Nd6
23.Bg5 Nde8 24.Kg2 Ng7 25.Bxf6 Bxf6 26.Nd5 Qd6 27.Nd2 Qe6 28.Nc4 Rd7 29.Rd1 Bd8
30.Nce3 Bg5 31.h4 Bxe3 32.Qxe3 Ne8 33.a4 Kg7 34.Qf3 f5 35.exf5 gxf5 36.Ne3 Rxd1
37.Qxd1 Nd6 38.Qxd6  1-0

[Event "Manila ol (Women)"]
[Site "Manila"]
[Date "1992.??.??"]
[Round "?"]
[White "Galliamova, Alisa"]
[Black "Chaves, Jo"]
[Result "1-0"]
[WhiteElo "2410"]
[BlackElo "2050"]

1.Nf3 d5 2.g3 Nf6 3.Bg2 c5 4.O-O e6 5.d4 Nc6 6.c4 dxc4 7.Qa4 Bd7 8.dxc5 Bxc5
9.Qxc4 Bb6 10.Nc3 Rc8 11.Qh4 Ne7 12.Ne5 Nf5 13.Qh3 Bd4 14.Nxd7 Qxd7 15.g4 Ne7
16.g5 Nfd5 17.Nxd5 Nxd5 18.e3 Bb6 19.Rd1 Qc6 20.b3 Qc5 21.Bxd5 Rd8 22.g6 Rxd5
23.gxf7+ Kxf7 24.Qf3+ Ke8 25.Rxd5 Qxd5 26.Qg4 Qe5 27.Rb1 Bc7 28.f4 Qc3 29.Qxe6+ Kd8
30.Ba3 Qd2 31.Be7+  1-0

[Event "Manila ol (Men)"]
[Site "Manila"]
[Date "1992.??.??"]
[Round "?"]
[White "Loginov, Valery A"]
[Black "Short, Nigel D"]
[Result "1/2-1/2"]
[WhiteElo "2540"]
[BlackElo "2685"]

1.Nf3 d5 2.g3 Nc6 3.d4 Bg4 4.Bg2 Qd7 5.h3 Bxf3 6.exf3 e6 7.b3 O-O-O 8.a4 Be7
9.O-O Bf6 10.c3 e5 11.dxe5 Bxe5 12.f4 Bf6 13.Ra2 Nge7 14.Rd2 Kb8 15.Ba3 g5
16.fxg5 Bxg5 17.Rd3 h5 18.h4 Bf6 19.Bxe7 Nxe7 20.Nd2 c6 21.c4 Qc7 22.Qf3 Be5
23.cxd5 Nxd5 24.Nc4 Bg7 25.Rfd1 Qe7 26.Qf5 Qe6 27.Qxe6 fxe6 28.Re1 Rh6 29.Bh3 Re8
30.Nd6 Re7 31.Ne4 Kc7 32.Ng5 e5 33.Bg2 Nb4 34.Rd2 Bf6 35.Ne4 Bg7 36.Red1 Nd5
37.Nc5 Kb6 38.Rc1 Rd6 39.Ne4 Rd8 40.Rc4 Rf8 41.b4 a5 42.bxa5+ Kxa5 43.Rb2 Ka6
44.Bf1 Ka7 45.Be2 Rh8 46.a5 Rh6 47.Rc1 Bf8 48.Bc4 Rg7 49.Rb3 Nc7 50.Ng5 Bc5
51.Kg2 Bd4 52.Rc2 Rf6 53.Ne4 Rf8 54.Be2 Nd5 55.Bf3 Nf6  1/2-1/2

[Event "Manila ol (Men)"]
[Site "Manila"]
[Date "1992.??.??"]
[Round "?"]
[White "Barle, Janez"]
[Black "Sarfati, Jonathan D"]
[Result "1/2-1/2"]
[WhiteElo "2430"]
[BlackElo "2305"]

1.Nf3 d5 2.g3 Nf6 3.Bg2 c6 4.O-O Bf5 5.d3 Nbd7 6.c4 e6 7.cxd5 cxd5 8.Nc3 Bc5
9.Nh4 Bg4 10.h3 Bh5 11.g4 Bg6 12.Nxg6 hxg6 13.d4 Bd6 14.e3 Rc8 15.f4 Nb6
16.a4 a6 17.Qb3 Qc7 18.g5 Nh5 19.a5 Nc4 20.Qa4+ Qc6 21.Qxc6+ Rxc6 22.e4 dxe4
23.Nxe4 Be7 24.Nd2 Rc7 25.Nxc4 Rxc4 26.Bxb7 Ng3 27.Rf2 Rxd4 28.Bxa6 Rd1+
29.Kg2 Nf5 30.Bb5+ Kf8 31.Rc2 Kg8 32.Rc8+ Kh7 33.Rxh8+ Kxh8 34.a6 Bc5 35.b4 Ba7
36.Be2 Nh4+ 37.Kh2 Rg1 38.Bg4 f5 39.gxf6 gxf6 40.b5 Rg2+  1/2-1/2

[Event "Manila ol (Men)"]
[Site "Manila"]
[Date "1992.??.??"]
[Round "?"]
[White "Wach, Markus"]
[Black "Hertneck, Gerald"]
[Result "1/2-1/2"]
[WhiteElo "2320"]
[BlackElo "2530"]

1.Nf3 d5 2.g3 Bg4 3.Bg2 e6 4.O-O Nf6 5.d3 c5 6.Nbd2 Nc6 7.e4 Be7 8.h3 Bh5
9.g4 Bg6 10.Nh4 dxe4 11.Nxg6 hxg6 12.dxe4 Qc7 13.c3 O-O-O 14.Qe2 Bd6 15.Nc4 Bh2+
16.Kh1 Bf4 17.Qf3 g5 18.Bxf4 gxf4 19.Rad1 Ne5 20.Rxd8+ Rxd8 21.Nxe5 Qxe5
22.Qe2 Nh7 23.Rd1 Rh8 24.Qd2 f3 25.Qd7+ Kb8 26.Bxf3 Ng5 27.Qe7 Kc8 28.Qd7+ Kb8
29.Qe7 Kc8  1/2-1/2

[Event "Manila ol (Men)"]
[Site "Manila"]
[Date "1992.??.??"]
[Round "?"]
[White "Vaganian, Rafael A"]
[Black "Campora, Daniel H"]
[Result "1/2-1/2"]
[WhiteElo "2590"]
[BlackElo "2550"]

1.Nf3 d5 2.g3 Bg4 3.Bg2 Nd7 4.O-O c6 5.d3 e6 6.b3 Be7 7.Bb2 Bf6 8.d4 Bxf3
9.Bxf3 Ne7 10.e4 dxe4 11.Bxe4 O-O 12.Nd2 Qc7 13.c4 c5 14.Qc2 Ng6 15.d5 exd5
16.Bxd5 Bxb2 17.Qxb2 Nf6 18.Bg2 Rad8 19.Rae1 b6 20.Nb1 Rd1 21.Rxd1 Rd8 22.Qe2 Rxd1
23.Qxd1 Qe5 24.Bf3  1/2-1/2

[Event "Manila ol (Men)"]
[Site "Manila"]
[Date "1992.??.??"]
[Round "?"]
[White "Kengis, Edvins"]
[Black "Kuczynski, Robert"]
[Result "0-1"]
[WhiteElo "2575"]
[BlackElo "2500"]

1.Nf3 d5 2.g3 c6 3.Bg2 Bg4 4.O-O Nd7 5.d4 e6 6.Nbd2 Ngf6 7.c4 Bd6 8.b3 O-O
9.Bb2 Qe7 10.Ne5 Bf5 11.a3 a5 12.f3 Ne8  0-1

[Event "Manila ol (Men)"]
[Site "Manila"]
[Date "1992.??.??"]
[Round "?"]
[White "Kengis, Edvins"]
[Black "Garcia, Gildardo"]
[Result "1/2-1/2"]
[WhiteElo "2575"]
[BlackElo "2485"]

1.Nf3 d5 2.g3 Nf6 3.Bg2 e6 4.d4 Be7 5.c4 O-O 6.Qc2 c5 7.O-O cxd4 8.Nxd4 Nc6
9.Nxc6 bxc6 10.b3 a5 11.Bb2 a4 12.Nd2 a3 13.Bd4 dxc4 14.e3 cxb3 15.Nxb3 Nd5
16.Rfd1 Qc7 17.e4 Nf6 18.Qc3 Ba6 19.Nc5 Rfd8 20.Rab1 h6 21.h3 Bxc5 22.Bxc5 Rxd1+
23.Rxd1 Bb5 24.Bxa3 Qa5 25.Qxa5 Rxa5 26.Be7 Rxa2 27.Rd8+ Kh7 28.e5 Ng8 29.Be4+ g6
30.Bf8 Ra7 31.Rc8  1/2-1/2

[Event "Manila ol (Men)"]
[Site "Manila"]
[Date "1992.??.??"]
[Round "?"]
[White "Ilinsky, Vladimir"]
[Black "Costa, Jean Luc"]
[Result "0-1"]
[WhiteElo "2340"]
[BlackElo "2425"]

1.Nf3 d5 2.g3 c6 3.Bg2 Bg4 4.b3 Nd7 5.Bb2 Ngf6 6.d3 g6 7.Nbd2 Bg7 8.h3 Bxf3
9.Bxf3 O-O 10.c4 e6 11.O-O a5 12.a3 Ne8 13.Qc2 Nd6 14.Bxg7 Kxg7 15.Bg2 Qf6
16.e3 Rfc8 17.Nf3 b5 18.Nd2 a4 19.b4 Ra7 20.c5 Nf5 21.Rae1 h5 22.Nf3 Ne5
23.Nxe5 Qxe5 24.Qc1 Qf6 25.Qa1 Qxa1 26.Rxa1 g5 27.Rae1 g4 28.Kh2 Rh8 29.h4 Rd7
30.f3 gxf3 31.Bxf3 Ne7 32.Bg2 Ng6 33.d4 f5 34.Rf4 Ne7 35.Bf3 Ng8 36.Rf1 Rc7
37.Kh3 Kg6 38.Be2 Nh6 39.Bd3 Re8 40.R4f3 Rf7 41.Kg2 e5 42.dxe5 Rxe5 43.Kf2 Ng4+
44.Ke2 Nh2 45.Kd2 Nxf1+ 46.Rxf1 Rfe7 47.Rf3 Kf6 48.Bc2 Rg7 49.Bd3 Rg4 50.Bc2 Ke6
51.Bd3 d4 52.exd4 Rxd4 53.Kc3 Rg4 54.Kd2 Kf6 55.Kd1 f4 56.gxf4 Re7 57.Bf1 Re4
58.Rd3 Rexf4 59.Bg2 Rd4 60.Rxd4 Rxd4+ 61.Kc2 Rxh4 62.Bxc6 Rh2+ 63.Kc3 Ra2
64.Bxb5 Ke7 65.Kd4 Rxa3 66.Bc4 Rb3 67.b5 Rb4 68.Kc3 Rxc4+ 69.Kxc4 a3 70.Kb3 h4
71.Kxa3 h3 72.Kb4 h2 73.Ka5 h1=Q 74.Kb6 Kd7 75.c6+ Kc8  0-1

[Event "Manila ol (Men)"]
[Site "Manila"]
[Date "1992.??.??"]
[Round "?"]
[White "Rubinetti, Jorge A"]
[Black "Frois, Antonio"]
[Result "1/2-1/2"]
[WhiteElo "2450"]
[BlackElo "2380"]

1.Nf3 d5 2.g3 Nf6 3.Bg2 c6 4.O-O Bg4 5.b3 Nbd7 6.Bb2 e6 7.d3 a5 8.a3 Be7
9.Nbd2 O-O 10.c4 h6 11.Rc1 Re8 12.Rc2 Bd6 13.h3 Bh5 14.Re1 Qe7 15.Qa1 Bg6
16.Rcc1 Rad8 17.e4 dxe4 18.dxe4 e5 19.Nh4 Nc5 20.Re3 Bc7 21.Bc3 Bb6 22.Rf1 Ne6
23.Ree1 Nd4 24.Qb2 Bc5 25.b4 axb4 26.axb4 Ba7 27.c5 b6 28.cxb6 Bxb6 29.Nc4 Ba7
30.Nxg6 fxg6 31.Nxe5 Qxe5 32.Qa2+ Kh7 33.Qxa7 Nf3+ 34.Bxf3 Qxc3 35.Bg2 Qxb4
36.e5 Nd5 37.f4 c5 38.Kh2 Nc3 39.Rf2 Nb5 40.Qa1 Rd2 41.Rxd2 Qxd2 42.Qc1 Qb4
43.h4 Nd4 44.Be4 h5 45.Qb1 Re6 46.Qxb4 cxb4 47.Rd1 Nf5 48.Rd8 Rb6 49.Bd5 g5
50.Be4 g6 51.hxg5 b3 52.Rd7+ Kh8 53.Rb7 Rxb7 54.Bxb7 b2 55.Be4 Kg7 56.Kh3 Ne3
57.e6 Nf5 58.g4 hxg4+ 59.Kxg4 Kf8 60.Kf3 Ke7 61.Bb1 Kxe6 62.Ke4 Ng3+  1/2-1/2

[Event "Mar del Plata op"]
[Site "Mar del Plata"]
[Date "1992.??.??"]
[Round "9"]
[White "Llanos, Guillermo"]
[Black "Soppe, Guillermo"]
[Result "0-1"]
[WhiteElo "2355"]
[BlackElo "2440"]

1.Nf3 d5 2.g3 c6 3.Bg2 Bg4 4.O-O Nd7 5.d4 e6 6.Nbd2 f5 7.c4 Bd6 8.Ne1 Ngf6
9.Nd3 O-O 10.cxd5 exd5 11.Nf3 Bxf3 12.Bxf3 Qe7 13.Bg5 h6 14.Bf4 Ne4 15.Bxd6 Nxd6
16.b4 g5 17.a4 a6 18.Rb1 b5 19.e3 Nc4 20.Ra1 Ndb6 21.axb5 axb5 22.Rxa8 Rxa8
23.g4 fxg4 24.Bxg4 Rf8 25.Nc5 Kh8 26.Qd3 Rf6 27.Bh3 Nd6 28.Bg2 Nbc4 29.Ra1 Nb6
30.Ra6 Ndc4 31.Qe2 Rf7 32.Qh5 Qf6 33.Nd3 Kg7 34.h4 Nb2 35.hxg5 hxg5 36.Rxb6 Nxd3
37.f3 Qe7 38.e4 Nf4  0-1

[Event "Capablanca mem-A"]
[Site "Matanzas"]
[Date "1992.??.??"]
[Round "7"]
[White "Nogueiras, Jesus"]
[Black "Lima, Darcy"]
[Result "1/2-1/2"]
[WhiteElo "2550"]
[BlackElo "2440"]

1.Nf3 d5 2.g3 g6 3.Bg2 Bg7 4.c4 d4 5.d3 e5 6.Nbd2 a5 7.O-O Ne7 8.b3 O-O 9.a3 c5
10.Ne1 Na6 11.Ra2 f5 12.e3 Nc6 13.exd4 cxd4 14.f4 Nc5 15.Bd5+ Be6 16.Bxe6+ Nxe6
17.fxe5 Nxe5 18.Ndf3 Nc6 19.Ng2 Qb6 20.Rb2 Rfe8 21.b4 axb4 22.axb4 Qc7 23.Qb3 Qf7
24.Re1 h6 25.Rbe2 g5 26.Bd2 g4 27.Nfh4 Ne5 28.Rxe5 Bxe5 29.Rxe5 Ra1+ 30.Re1 Rxe1+
31.Bxe1 f4 32.Qd1 f3 33.Nf4 Nxf4 34.gxf4 Qxf4 35.Bg3 Qg5 36.Bf2 Kh7 37.Kh1 Re2
38.Qg1 Rc2 39.Qg3 Rc1+ 40.Bg1 Qe3 41.Qc7+ Kg8 42.Qc8+ Kf7 43.Qf5+  1/2-1/2

[Event "Mesa op"]
[Site "Mesa"]
[Date "1992.??.??"]
[Round "?"]
[White "Todorcevic, Miodrag"]
[Black "Sarmiento, Braulio Alfonso"]
[Result "1-0"]
[WhiteElo "2470"]
[BlackElo "2215"]

1.Nf3 d5 2.g3 c6 3.Bg2 Bg4 4.d3 Nd7 5.Nbd2 Ngf6 6.h3 Bh5 7.c4 e6 8.O-O Bd6
9.cxd5 exd5 10.Nd4 Bc5 11.N2b3 Bb6 12.a4 a5 13.Qc2 O-O 14.Nf5 Qe8 15.e4 Bg6
16.g4 dxe4 17.dxe4 Qe5 18.Nd2 Bxf5 19.exf5 Bc7 20.Nf3 Qc5 21.Qxc5 Nxc5 22.Be3 Nd3
23.Rfd1 Nb4 24.Bc5 Rfe8 25.Nd2 Nbd5 26.Nc4 Ne4 27.Bd4 Nf4 28.Bb6 Bxb6 29.Nxb6 Ra6
30.Nc4 Nxg2 31.Kxg2 Nf6 32.Nd6 Rb8 33.Nxb7 Raa8 34.Nc5 Rxb2 35.Nd3 Rb6 36.Rac1 h6
37.Ne5 Rb4 38.Rc4 Rxc4 39.Nxc4 Nd5 40.Ne5 Nb4 41.Rd7 Nd5 42.Nxc6 Nb6 43.Rd4 Re8
44.f4 Re3 45.Rd8+ Kh7 46.Ne5  1-0

[Event "Montevideo ITT"]
[Site "Montevideo"]
[Date "1992.??.??"]
[Round "4"]
[White "Bauza, Alejandro"]
[Black "Playa, Marcelo"]
[Result "1/2-1/2"]
[WhiteElo "2265"]
[BlackElo "2390"]

1.Nf3 d5 2.g3 c5 3.Bg2 g6 4.O-O Bg7 5.d4 cxd4 6.Nxd4 Nf6 7.Nc3 O-O 8.Nb3 e6
9.e4 dxe4 10.Nxe4 Qc7 11.Qd6 Qxc2 12.Nd4 Qc4 13.Nxf6+ Bxf6 14.Be3 Qa6 15.Qxa6 Nxa6
16.Nb5 Bd7 17.Nxa7 Nc7 18.Bxb7 Rab8 19.Bc6 Bxc6 20.Nxc6 Rxb2 21.a4 Ra8 22.a5 Nd5
23.Bd4 Rc2 24.Bxf6 Rxc6 25.Bd4 Rca6 26.Rfb1 Kf8 27.Rb5 Ke8 28.Be3 Nxe3 29.fxe3 R8a7
30.g4 h6 31.h4 Kd7 32.g5 hxg5 33.hxg5 Kc6 34.Re5 Rd7 35.Kf2 Rd2+ 36.Kf3 Rb2
37.Rc1+ Kd6 38.Rcc5 Ra2 39.Rb5 Ra3 40.Rec5 Ra8 41.Kf4 Ra7 42.Ke4 Ke7 43.Kf4 f6
44.Rb6 R3xa5 45.Rxa5 Rxa5 46.Rb7+ Kd6 47.Rb6+ Kd7 48.gxf6 Rf5+ 49.Kg4 Rxf6
50.Kg5 Rf3 51.Kxg6 Ke7 52.Kg5  1/2-1/2

[Event "Moscow VDFSO"]
[Site "Moscow"]
[Date "1992.??.??"]
[Round "?"]
[White "Fedorov, Alexei"]
[Black "Ivanov, V."]
[Result "1-0"]
[WhiteElo "2455"]
[BlackElo "2355"]

1.Nf3 d5 2.g3 c6 3.Bg2 Bg4 4.b3 Nd7 5.Bb2 f6 6.O-O e5 7.c4 Bd6 8.Nc3 Ne7
9.d3 O-O 10.Nd2 Be6 11.e3 f5 12.Rc1 Nc5 13.cxd5 cxd5 14.Nf3 e4 15.Ng5 Bc8
16.dxe4 dxe4 17.Qd4 Nc6 18.Qd5+ Kh8 19.Nb5 Be7 20.Nf7+ Rxf7 21.Qxf7 Qg8 22.Qxg8+ Kxg8
23.Nc7 Rb8 24.Nd5 Bd6 25.Ba3  1-0

[Event "Alekhine op"]
[Site "Moscow"]
[Date "1992.??.??"]
[Round "?"]
[White "Sturua, Zurab"]
[Black "Kramnik, Vladimir"]
[Result "0-1"]
[WhiteElo "2545"]
[BlackElo "2625"]

1.Nf3 d5 2.g3 c6 3.Bg2 Bg4 4.d3 Nd7 5.O-O Ngf6 6.Nbd2 e5 7.e4 Bd6 8.h3 Bh5
9.b3 O-O 10.Bb2 Re8 11.Re1 a5 12.a3 b5 13.Nf1 dxe4 14.dxe4 Nc5 15.N1d2 Qc7
16.Qc1 Nfd7 17.Nh4 Ne6 18.Ndf3 f6 19.Nf5 Bf8 20.Re3 Bf7 21.Qe1 g6 22.N5h4 c5
23.Bf1 Nd4 24.Qd1 Rad8 25.Nxd4 cxd4 26.Re1 Qc6 27.Nf3 Nc5 28.Bd3 Nxd3 29.Qxd3 a4
30.Nd2 Bh6 31.Kh2 Rc8 32.Rac1 Bc4 33.bxc4 bxc4 34.Nxc4 Bxc1 35.Nxe5 Qxc2
36.Qf3 Bxb2  0-1

[Event "Alekhine op"]
[Site "Moscow"]
[Date "1992.??.??"]
[Round "?"]
[White "Smyslov, Vassily"]
[Black "Bagirov, Vladimir"]
[Result "1/2-1/2"]
[WhiteElo "2530"]
[BlackElo "2500"]

1.Nf3 d5 2.g3 Bg4 3.Bg2 Nd7 4.d4 c6 5.O-O e6 6.Nbd2 Ngf6 7.b3 Bd6 8.Bb2 a5
9.c4 Qc7 10.a3 O-O 11.c5 Be7 12.b4 b5 13.h3 Bh5 14.Ne5 Nxe5 15.dxe5 Nd7 16.g4 Bg6
17.f4 f6 18.Nf3 fxe5 19.fxe5 Rf7 20.Qd4 Nf8 21.Nd2 Rxf1+ 22.Rxf1 h6 23.Qc3 a4
24.Qg3 Nh7 25.h4 Rf8 26.Rxf8+ Nxf8 27.Nf3 Qd8 28.Bc1 Be4 29.g5 h5 30.Nd4 Qd7
31.Bh3  1/2-1/2

[Event "Moscow rapid"]
[Site "Moscow"]
[Date "1992.??.??"]
[Round "?"]
[White "Khalifman, Alexander"]
[Black "Yakovich, Yuri"]
[Result "1/2-1/2"]
[WhiteElo "2635"]
[BlackElo "2520"]

1.Nf3 d5 2.g3 Bg4 3.Bg2 Nd7 4.c4 e6 5.O-O Bxf3 6.exf3 dxc4 7.Qa4 c6 8.Qxc4 Nb6
9.Qb3 Ne7 10.Nc3 Nf5 11.Ne2 Be7 12.Rd1 O-O 13.d4 Bf6 14.Be3 Qd5 15.Qd3 Rad8
16.f4 Qc4 17.g4 Qxd3 18.Rxd3  1/2-1/2

[Event "Moscow ZSKS"]
[Site "Moscow"]
[Date "1992.??.??"]
[Round "?"]
[White "Karasev, Vladimir I"]
[Black "Shvedchikov, Anatoli I"]
[Result "0-1"]
[WhiteElo "2380"]
[BlackElo "2330"]

1.Nf3 d5 2.g3 c6 3.Bg2 Nf6 4.d3 h6 5.b3 Bf5 6.Bb2 e6 7.O-O Be7 8.Nbd2 O-O
9.e3 a5 10.Nd4 Bh7 11.a4 e5 12.N4f3 e4 13.Ne5 exd3 14.cxd3 Nfd7 15.d4 f6
16.Nxd7 Qxd7 17.e4 dxe4 18.Nxe4 Na6 19.d5 Rfd8 20.Qh5 Qf5 21.Qxf5 Bxf5 22.dxc6 bxc6
23.Rac1 Nb4 24.Ba3 Rd4 25.Nc5 Nc2 26.Rxc2 Bxc2 27.Ne6 Rd7 28.Bxc6 Bxa3 29.Bxd7 Bxb3
30.Nd4 Bc4 31.Rd1 Kf7 32.Nc6 Ra6 33.Rd4 Be2 34.Kg2 Ra8 35.Re4 Bd1 36.h4 Bf8
37.Be6+ Kg6 38.g4 h5 39.f3 hxg4 40.fxg4 Bc2 41.Bf5+ Kf7 42.Rd4 Bb3 43.Rd7+ Kg8
44.Rd4 Bc5 45.Rf4 Re8 46.Nxa5 Bd5+ 47.Kf1 Ra8 48.Nc4 Rxa4 49.Bd3 Be3 50.Re4 Bxe4
51.Bxe4 Kf7 52.Bd5+  0-1

[Event "Moscow ZSKS"]
[Site "Moscow"]
[Date "1992.??.??"]
[Round "?"]
[White "Kharitonov, Andrei Y"]
[Black "Moskalenko, Viktor"]
[Result "1/2-1/2"]
[WhiteElo "2505"]
[BlackElo "2505"]

1.Nf3 d5 2.g3 e6 3.Bg2 f5 4.O-O Nf6 5.d3 Nc6 6.c4 dxc4 7.dxc4 Qxd1 8.Rxd1 e5
9.Nc3 e4 10.Ng5 h6 11.Nh3 g5 12.Nb5 Rh7 13.b3 a6 14.Bb2 axb5 15.cxb5 Nb4
16.Bxf6 Be6 17.Rd2 Rd7 18.Rxd7 Kxd7 19.Rd1+ Bd6 20.Bg7 Nxa2 21.Bxh6 Nc3 22.Re1 g4
23.Nf4 Bxb3 24.h3 Bxf4 25.Bxf4 Ra2 26.hxg4 Nxe2+ 27.Kh2 fxg4 28.Bxe4 Nxf4  1/2-1/2

[Event "Munich op9192"]
[Site "Munich"]
[Date "1992.??.??"]
[Round "6"]
[White "Gallus, Gerald"]
[Black "Van Parreren, Hanneke"]
[Result "1-0"]
[WhiteElo "2290"]
[BlackElo "2140"]

1.g3 d5 2.Nf3 c6 3.Bg2 Bf5 4.O-O Nf6 5.d3 h6 6.c4 e6 7.cxd5 exd5 8.Nc3 Bd6
9.e4 d4 10.Nxd4 Bg4 11.Qb3 Bc5 12.Nf5 Bxf5 13.exf5 Qd7 14.Re1+ Be7 15.d4 O-O
16.d5 cxd5 17.Nxd5 Nxd5 18.Bxd5 Nc6 19.Bf4 Bg5 20.Bxg5 hxg5 21.Rad1 Qxf5
22.Qxb7 Ne5 23.Qe7 Nd3 24.Rxd3 Qxd3 25.Bxa8 Rxa8 26.Qxg5 Rb8 27.b3 Rc8 28.Qg4 Qc3
29.Qe4 a5 30.Kg2 Rd8 31.Re3 Qa1 32.Qa4 Rd1 33.Qe8+ Kh7 34.Qxf7 Rg1+ 35.Kh3 Qf1+
36.Kh4  1-0

[Event "Munich op9192"]
[Site "Munich"]
[Date "1992.??.??"]
[Round "7"]
[White "Loeffler, Stefan"]
[Black "Tischbierek, Raj"]
[Result "1-0"]
[WhiteElo "2310"]
[BlackElo "2480"]

1.Nf3 d5 2.g3 g6 3.Bg2 Bg7 4.c4 d4 5.O-O e5 6.e3 Ne7 7.exd4 exd4 8.d3 O-O
9.b4 c6 10.Nbd2 a5 11.bxa5 Rxa5 12.Re1 Bg4 13.Qb3 b6 14.Ne4 Nd7 15.Bf4 h6
16.Qb4 Bxf3 17.Bxf3 f5 18.Nd6 Ne5 19.Bxe5 Rxe5 20.c5 bxc5 21.Qc4+ Kh7 22.Nb7 Qb6
23.Rxe5 Bxe5 24.Nxc5 Qa7 25.Rb1 Bd6 26.Ne6 Ra8 27.Bxc6 Qxa2 28.Bxa8 Qxb1+
29.Kg2 Qa1 30.Bf3 Qc3 31.Qa6 Qa3 32.Qb6 Qb4 33.Qd8 Qb8 34.Qd7 Ba3 35.Qxd4 Qb2
36.Nf8+ Kg8 37.Qd8 Kf7 38.d4 Qb4 39.d5 Qd6 40.Qa8 g5 41.Ne6 Ng6 42.Bh5 Qe7  1-0

[Event "Nettetal"]
[Site "Nettetal"]
[Date "1992.??.??"]
[Round "9"]
[White "Lechtynsky, Jiri"]
[Black "Winants, Luc"]
[Result "0-1"]
[WhiteElo "2410"]
[BlackElo "2515"]

1.Nf3 d5 2.g3 c6 3.Bg2 Bg4 4.c4 e6 5.b3 Nd7 6.Bb2 Ngf6 7.O-O Bd6 8.d3 O-O
9.Nbd2 Qe7 10.h3 Bxf3 11.Nxf3 e5 12.e4 dxe4 13.dxe4 Ba3 14.Bxa3 Qxa3 15.Qc1 Qxc1
16.Raxc1 Rfe8 17.Nd2 Nc5 18.b4 Nd3 19.Rb1 Red8 20.Rfd1 Rd7 21.a3 a5 22.b5 Nc5
23.bxc6 bxc6 24.Nf3 Rxd1+ 25.Rxd1 Nfd7 26.h4 Kf8 27.Bh3 Ke7 28.Bxd7 Nxd7
29.Rb1 Ra7 30.Kf1 f6 31.Ke2 Kd6 32.Nd2 Kc7 33.Ke3 Ra8 34.f4 Rd8 35.Nf3 Nc5
36.fxe5 Rd3+ 37.Kf4 fxe5+ 38.Nxe5 Rxa3 39.Rd1 a4 40.h5 Rc3 41.g4 a3 42.Rd2 Rb3
43.Ra2 Na6 44.Rd2 Nc5 45.Ra2 Ne6+ 46.Kf5 Nd4+ 47.Kf4 c5 48.g5 Kd6 49.g6 hxg6
50.Nxg6 Rf3+ 51.Kg4 Rc3 52.Kf4 Rf3+ 53.Kg4 Ke6 54.Nh4 Rc3 55.Ng6 Nc6 56.Nf4+ Ke5
57.Ne2 Re3 58.Nc1 Nb4 59.Ra1 Kxe4 60.Kg5 Rg3+ 61.Kh4 Rg1 62.Rxa3 Rxc1 63.Rg3 Rh1+
64.Kg5 Nc6 65.Rg4+ Kd3  0-1

[Event "New York op"]
[Site "New York"]
[Date "1992.??.??"]
[Round "7"]
[White "Wessman, Richard"]
[Black "Kaidanov, Grigory S"]
[Result "1/2-1/2"]
[WhiteElo "2440"]
[BlackElo "2550"]

1.Nf3 d5 2.g3 g6 3.Bg2 Bg7 4.O-O e5 5.d3 Ne7 6.Nbd2 O-O 7.e4 Nbc6 8.exd5 Nxd5
9.Re1 h6 10.Nc4 Re8 11.c3 Bf5 12.Nh4 Be6 13.Nf3 Bf5 14.Nh4 Be6 15.Nf3 f6
16.a4 Nde7 17.b4 a6 18.Qe2 Qd7 19.Bb2 Nf5  1/2-1/2

[Event "NLD-ch op"]
[Site "?"]
[Date "1992.??.??"]
[Round "9"]
[White "Hartoch, Robert G"]
[Black "Ivanov, Alexander"]
[Result "1-0"]
[WhiteElo "2345"]
[BlackElo "2555"]

1.Nf3 d5 2.g3 c6 3.Bg2 Bg4 4.O-O Nd7 5.d3 e6 6.e4 Bd6 7.Nbd2 Ne7 8.Qe1 O-O
9.h3 Bh5 10.Nh2 Qc7 11.f4 f5 12.e5 Bc5+ 13.Kh1 a5 14.g4 Bg6 15.Ndf3 h6 16.Nh4 Rf7
17.N2f3 Qb6 18.g5 Bh5 19.Qg3 Kh7 20.c3 Qb5 21.d4 Bb6 22.Rg1 Qe2 23.g6+ Nxg6
24.Nxg6 Bxg6 25.Qxg6+ Kxg6 26.Bf1+ Kh7 27.Bxe2 a4 28.Be3 Bd8 29.h4 b5 30.h5 Nf8
31.Ne1 Rfa7 32.Nd3 Be7 33.Rg2 Rc8 34.Rag1 Bd8 35.Bd1 Ba5 36.Bd2 Bb6 37.Be1 Bd8
38.Bc2 Rcc7 39.Nc5 Kg8 40.Kh2 Rc8 41.Nxe6 Nxe6 42.Bxf5 Kf7 43.Rg6 Re7 44.Bxe6+ Rxe6
45.Rxg7+ Ke8 46.f5 Re7 47.f6 Rf7 48.Bh4 Rf8 49.R1g6 Rc7 50.Kh3 Rcf7 51.Kg4 a3
52.b4  1-0